| 000 | nam a22 7a 4500 | ||
|---|---|---|---|
| 999 |
_c30342 _d30342 |
||
| 008 | 190516b xxu||||| |||| 00| 0 eng d | ||
| 020 | _a9781928215219 | ||
| 040 | _amksu | ||
| 050 |
_aPR 9402.9 _b.K28 2012 |
||
| 100 | _aKabali-Kagwa, Philippa Namutebi | ||
| 245 |
_aFlame and song : _b a memoir / _cPhilippa Namutebi Kabali-Kagwa. |
||
| 300 |
_a190p. ; _c20cm. |
||
| 650 | _aAuthors, Ugandan. | ||
| 942 |
_2lcc _cBOOKS _hPR 9402.9 .K28 2012 |
||